| 000 | 01327cam a22003134a 4500 | ||
|---|---|---|---|
| 999 |
_c26923 _d26923 |
||
| 001 | 11811592 | ||
| 005 | 20170207092306.0 | ||
| 008 | 991015s2000 lauaf b s001 0beng | ||
| 010 | _a 99053775 | ||
| 020 | _a0807125334 (alk. paper) | ||
| 050 | 0 | 0 | _aNK7198 .S67L58 2000 |
| 100 | 1 | _aLittleton, Taylor. | |
| 245 | 1 | 4 |
_aThe color of silver : _bWilliam Spratling, his life and art / _cTaylor D. Littleton. |
| 260 |
_aBaton Rouge : _bLouisiana State University Press, _c2000. |
||
| 300 |
_axviii, 322 p., [52] p. of plates : _bill. ; _c24cm. |
||
| 440 | 0 | _aSouthern biography series | |
| 504 | _aIncludes bibliographical references (p. [307]-314) and index. | ||
| 600 | 1 | 0 |
_aSpratling, William, _d1900-1967. |
| 650 | 0 |
_aSilversmiths _zMexico _zTaxco de Alarcón _vBiography. |
|
| 650 | 0 |
_aSilverwork _zMexico _xHistory _y20th century. |
|
| 650 | 0 |
_aDecoration and ornament _zMexico _zTaxco de Alarcón _xArt deco. |
|
| 942 |
_2lcc _cBOOKS |
||